Tanganyika and its future / (Record no. 12493)
[ view plain ]
| 000 -LEADER | |
|---|---|
| fixed length control field | 00566cam a22001932 4500 |
| 001 - CONTROL NUMBER | |
| control field | 0000001104 |
| 005 - DATE AND TIME OF LATEST TRANSACTION | |
| control field | 20151217155807.0 |
| 008 - FIXED-LENGTH DATA ELEMENTS--GENERAL INFORMATION | |
| fixed length control field | 070226s xx 000 0 eng d |
| 040 ## - CATALOGING SOURCE | |
| Original cataloging agency | KABU |
| Transcribing agency | KABU |
| 050 #0 - LIBRARY OF CONGRESS CALL NUMBER | |
| Classification number | BV3625 |
| Item number | .T4R53 |
| 100 1# - MAIN ENTRY--PERSONAL NAME | |
| Personal name | Richter, D. Julius. |
| -- | 0000149633 |
| 245 10 - TITLE STATEMENT | |
| Title | Tanganyika and its future / |
| Statement of responsibility, etc. | D. Julius Richter. |
| 260 ## - PUBLICATION, DISTRIBUTION, ETC. (IMPRINT) | |
| Place of publication, distribution, etc. | London : |
| Name of publisher, distributor, etc. | World Dominion Press, |
| Date of publication, distribution, etc. | 1934. |
| 300 ## - PHYSICAL DESCRIPTION | |
| Extent | 112 p. |
| 650 #0 - SUBJECT ADDED ENTRY--TOPICAL TERM | |
| Topical term or geographic name as entry element | Missions |
| Geographic subdivision | Tanzania. |
| -- | 0000149634 |
| 908 ## - PUT COMMAND PARAMETER (RLIN) | |
| Put command parameter | 070226 |
| 950 ## - LOCAL HOLDINGS (RLIN) | |
| -- | 1 |
| Withdrawn status | Lost status | Source of classification or shelving scheme | Not for loan | Home library | Current library | Date acquired | Total Checkouts | Full call number | Barcode | Date last seen | Price effective from | Koha item type |
|---|---|---|---|---|---|---|---|---|---|---|---|---|
| Library of Congress Classification | Kabarak, Main Campus | Kabarak, Main Campus | 17/12/2015 | BV3625 .T4R53 c. 1 | 016010 | 17/12/2015 | 17/12/2015 | Africana Collection |